European Food and Feed Law Review EFFL

Detalles Bibliográficos
Formato: Revista
Lenguaje:alemán
Publicado: Berlin : Lexxion Verlagsgesellschaft mbH, 2006-
Materias:
Acceso en línea:http://www.vlex.com/source/7192

MARC

LEADER 00000nas a22000007a 4500
005 20130319163113.0
007 cr|||| ||||
008 130319c20069999gw b||p s|||| 0|||b1ger d
022 |a 18622720  
035 |a 7192 
040 |a vLex 
090 |c 3959  |d 3959 
245 0 0 |a European Food and Feed Law Review  |b EFFL  |h [Recurso electrn̤ico] 
256 |a Servicio en ln̕ea 
260 |a Berlin :   |b Lexxion Verlagsgesellschaft mbH,   |c 2006- 
300 |a 1 Recurso electrn̤ico 
506 |d vLex Global  |d vLex Global (Academic Edition, excluding Law Schools)  |d vLex Global (U.S. Academic Edition, Law Schools)  |d vLex Global (U.S. Academic Edition, excluding Law Schools)  |d vLex Global (Academic Edition, Law Schools) 
650 0 4 |a Medicina  |z Europa  |v Revistas 
650 0 4 |a Salud pb︢lica  |v Revistas  |z Europa 
650 0 4 |a Alimentacin̤  |v Revista  |z Europa 
740 |a vLex Revistas (Servicio en ln̕ea) 
856 |a Acceso restringido  |u http://www.vlex.com/source/7192 
942 |c REV 
999 0 |a Public health laws